À quel Pokémon appartient ce talent signature ? - Statistiques

Statistiques générales
  • Ce quiz a été pris 1 617 fois
    1 417 depuis la dernière actualisation
  • Le résultat moyen est 48 sur 88
Statistiques - réponses
Hint Réponse % Correct
Prend l'apparence du dernier Pokémon de l'équipe. Zoroark
97%
Le sel pur immunise le Pokémon contre les altérations de statut, et diminue de moitié les dégâts des capacités de type Spectre. Gigansel
88%
Le Pokémon prend le type Eau, Feu ou Glace en fonction de la météo. Morphéo
86%
Le Pokémon se rassemble avec ses congénères quand ses PV sont élevés Froussardine
83%
Le Pokémon prend l'apparence du Pokémon adverse. Métamorph
82%
À la fin de chaque tour, le Pokémon alterne entre ses formes Mode Rassasié et Mode Affamé. Morpeko
80%
Quand le Pokémon entre sur le terrain, son Attaque et son Attaque Spéciale augmentent légèrement pour chaque allié mis K.O. auparavant. Scalpereur
80%
En battant un ennemi, ce Pokémon renforce ses liens avec son Dresseur. Amphinobi
79%
Lorsque le Pokémon perd la moitié de ses PV, ses Cellules se rassemblent pour l'encourager. Zygarde
79%
Le Pokémon prend sa Forme Super en quittant le combat. Superdofin
78%
Augmente l'Attaque du Pokémon quand il entre au combat. Zacian
78%
Le Pokémon prend la Forme Assaut lorsqu'il utilise une attaque, et la Forme Parade lorsqu'il utilise Bouclier Royal. Exagide
77%
Seules les capacités super efficaces infligent des dégâts. Munja
77%
Le Pokémon prend le type de la capacité qu'il utilise. Pyrobut
77%
Le Pokémon rêve en permanence et ne se réveille jamais. Dodoala
76%
Le déguisement qui recouvre le corps du Pokémon est capable de le protéger d'une attaque. Mimiqui
76%
Inflige des dégâts aux ennemis endormis. Darkrai
75%
Quand le Pokémon utilise Surf ou Plongée, il revient avec une proie. Nigosier
75%
Le glaçon sur sa tête encaisse les attaques physiques à la place du Pokémon. Bekaglaçon
74%
Toutes les capacités sont de type Normal. Delcatty
74%
Le corps en or pur et robuste du Pokémon l'immunise contre les capacités de statut des autres Pokémon. Gromago
74%
Change le type du Pokémon en fonction de la ROM équipée. Silvallié
73%
Remplace le talent de l'attaquant par « Momie » lorsque le Pokémon subit une attaque directe. Tutankafer
73%
Augmente la Défense du Pokémon quand il entre au combat. Zamazenta
73%
Lorsque le Pokémon perd la moitié de ses PV, son enveloppe se brise, mais son Attaque et son Attaque Spéciale augmentent. Météno
72%
Quand le Pokémon est touché par une capacité physique, il répand des pics toxiques dans le camp adverse. Floréclat
71%
Si un Oyacata allié est sur le terrain quand ce Pokémon rejoint le combat, ce dernier entre dans sa bouche et devient son commandant. Nigirigon
71%
Augmente l'Attaque, mais empêche d'utiliser toute autre capacité que celle utilisée en premier par le Pokémon. Darumacho de Galar
70%
Le Pokémon adopte le type de la capacité ennemie. Kecleon
70%
Si n'importe quel Pokémon utilise une capacité dansante, ce Pokémon peut se mettre aussi à danser. Plumeline
70%
Le Pokémon évite les situations inutilement dangereuses. Quand ses PV tombent à la moitié, il se réfugie dans sa Poké Ball. Sarmuraï
70%
Quand les PV du Pokémon sont au maximum, ses capacités de type Vol sont prioritaires. Flambusard
69%
Augmente la puissance des capacités basées sur le son. Salarsen
69%
Si le Pokémon utilise une attaque directe, celle-ci pourra passer outre les protections de la cible. Shifours
68%
Toutes les attaques sonores du Pokémon prennent le type Eau. Oratoria
66%
Baisse les stats quand les PV tombent à la moitié. Aéroptéryx
65%
Si le Pokémon est touché par une capacité de type Sol, il regagne des PV au lieu de subir des dégâts. Ferdeter
64%
Attaque en famille. Méga-Kangourex
64%
L'adversaire est impressionné par la majesté du Pokémon et ne peut pas le viser avec une attaque prioritaire. Sucreine
64%
Le Pokémon crée un champ herbu quand il subit une attaque. Arboliva
63%
Booste les attaques physiques si le Pokémon est empoisonné. Mangriff
62%
Si le Pokémon subit des dégâts, il se charge en électricité. Ampibidou
61%
Toutes les capacités qui soignent le Pokémon directement deviennent prioritaires. Guérilande
60%
Lorsque le Pokémon est touché par des capacités de type Eau ou Feu, sa Vitesse augmente énormément. Monthracite
59%
Le Pokémon utilise toujours sa capacité en dernier. Ténéfix
57%
Voit la puissance de ses propres capacités Eau doubler. Réduit les dégâts des capacités de type Feu subies par le Pokémon. Tarenbulle
56%
L'Attaque du Pokémon est doublée. Charmina
53%
Le Pokémon déclenche une tempête de sable quand il subit une attaque. Dunaconda
52%
Lorsque le Pokémon attaque un adversaire empoisonné, le coup sera forcément critique. Prédastérie
50%
Le Pokémon inflige à l'adversaire l'ayant mis K.O. des dégâts égaux au nombre de PV qu'il lui restait avant le coup de grâce. Concombaffe
49%
Le Pokémon agit toujours plus lentement quand il utilise une capacité de statut, mais il ignore les talents adverses. Terracruel
48%
Si le Pokémon est touché par une capacité faisant appel au vent, il se charge en électricité. Fulgulairo
47%
La Vitesse du Pokémon est doublée sur un Champ Électrifié. Raichu-Alola
47%
Si le Pokémon ne tient aucun objet, il ramassera la Poké Ball lors du premier lancer raté du combat. Voltoutou
47%
Si le Pokémon est touché par une capacité de type Feu, il ne subit aucun dégât et sa Défense augmente beaucoup. Briochien
46%
Quand il rejoint le combat, ce Pokémon est aux petits soins avec son allié et restaure quelques PV. Théffroyable
46%
Le Pokémon renvoie les effets réducteurs de stats qu'il reçoit. Corvaillus
45%
Permet parfois au Pokémon d'agir en premier. Flagadoss de Galar
45%
Une étrange queue recouvre la tête du Pokémon, ce qui empêche ce dernier et ses alliés d'être visés par une capacité prioritaire. Farigiraf
44%
Booste les attaques spéciales si le statut est brûlure. Grodrive
43%
Augmente beaucoup la Défense du Pokémon quand il subit une capacité de type Eau. Trépassable
42%
Lorsque le Pokémon est directement touché par une attaque, l'assaillant et lui tomberont K.O. dans trois tours,. Corayôme
40%
Augmente l'Attaque Spéciale du Pokémon lorsqu'un autre Pokémon est mis K.O. Magearna
39%
Augmente la puissance des capacités de type Roche. Lestombaile
38%
Lorsque le Pokémon est directement touché par une attaque, il échange son talent avec celui de l'assaillant. Tutétékri
38%
Les dégâts qu'il subit par des capacités spéciales sont divisés par deux. Beldeneige
37%
Une odeur de nectar sucré se répand sur le terrain, ce qui baisse l'Esquive de l'adversaire. Pomdorochi
37%
Le Pokémon est capable d'utiliser toutes ses capacités sans entrer en contact direct avec sa cible. Archéduc
36%
Un cercle augmente la puissance des attaques de ses alliés. Dolman
36%
Le Pokémon adopte le même type que le terrain lorsqu'un champ est actif. Limonde de Galar
35%
Le Pokémon ignore les changements d'Esquive des cibles et peut toucher les Pokémon Spectre avec des capacités Normal ou Combat. Ursaking
35%
Lorsque le Pokémon subit une attaque directe, le talent de l'attaquant est remplacé par Odeur Tenace. Fragroin
33%
Les capacités de type Normal deviennent de type Électrik. Grolem-Alola
33%
L'adversaire est abasourdi par le Pokémon et ne peut pas le viser avec une capacité prioritaire. Denticrisse
32%
Lorsque le Pokémon est touché par une capacité de type Feu, son Attaque augmente. Il ne peut pas être brûlé. Glaivodo
32%
Quand le Pokémon entre au combat, les effets de Mur Lumière, Protection et Voile Aurore disparaissent. M.Glaquette
32%
Augmente la Précision des Pokémon de l'équipe. Victini
31%
Rend les Pokémon de l'équipe plus puissants au soleil. Ceriflor
29%
Quand le Pokémon entre sur le terrain, il copie les changements de stats de son allié. Flamenroule
27%
Augmente la Défense si Champ Herbu est actif. Chevroum
26%
Le Pokémon enrage s'il a moins de la moitié de ses PV après avoir subi une attaque. Craparoi
26%
Quand le Pokémon est touché par une attaque, il dissémine des aigrettes qui diminuent la Vitesse de tout le monde, sauf la sienne. Blancoton
25%
Quand les stats de l'ennemi augmentent, le Pokémon en profite pour augmenter ses stats de la même manière. Cléopsytra
24%
Quand il rentre au combat, le Pokémon répand une substance qui annule les changements de stats de ses alliés. Roigada de Galar
22%
Permet d'ignorer l'effet des capacités ou des talents qui attirent les capacités. Pondralugon
19%
Protège le Pokémon contre toutes les altérations de statut liées à l'empoisonnement. Galopa de Galar
15%
Permet d'ignorer l'effet des capacités ou des talents qui attirent les capacités. Hastacuda
15%
Augmente la puissance des capacités spéciales des alliés. Chrysapile
13%
Aucun quiz correspondant
Distribution des résultats
% des personnes avec chaque résultat
Percentile par nombre de réponses
Votre historique - résultats
Vous n’avez pas pris ce quiz depuis la dernière actualisation